El Segundo Imperio / (Record no. 27567)

MARC details
000 -LEADER
campo de control de longitud fija 00768nam a2200217 i 4500
001 - NÚMERO DE CONTROL
campo de control 27567
003 - IDENTIFICADOR DE NÚMERO DE CONTROL
campo de control ES-MaACL
005 - FECHA Y HORA DE LA ÚLTIMA TRANSACCIÓN
campo de control 20250702194537.0
007 - CAMPO FIJO DE DESCRIPCIÓN FÍSICA--INFORMACIÓN GENERAL
campo de control de longitud fija t|
008 - DATOS DE LONGITUD FIJA--INFORMACIÓN GENERAL
campo de control de longitud fija 030115s1943 sp f |||| | spa d
080 ## - NÚMERO DE LA CLASIFICACIÓN DECIMAL UNIVERSAL
Número de la Clasificación Decimal Universal 9(44)"1848/1870"
100 0# - ENTRADA PRINCIPAL--NOMBRE DE PERSONA
Nombre de persona Aubry, Octave.
Fechas asociadas al nombre 1881-1946
9 (RLIN) 23828
245 13 - MENCIÓN DEL TÍTULO
Título El Segundo Imperio /
Mención de responsabilidad, etc. Octave Aubry ; traducción de Fabricio Valserra ; ilustraciones de Luciano Olivares.
260 ## - PUBLICACIÓN, DISTRIBUCIÓN, ETC.
Lugar de publicación, distribución, etc. Barcelona :
Nombre del editor, distribuidor, etc. Caralt,
Fecha de publicación, distribución, etc. [1943] (
Fabricante Talls. Gráfs. Soc. de Publicaciones)
300 ## - DESCRIPCIÓN FÍSICA
Extensión 567 p., 41 lám. ;
Dimensiones 23 cm.
651 #7 - PUNTO DE ACCESO ADICIONAL DE MATERIA--NOMBRE GEOGRÁFICO
Nombre geográfico Francia-
Subdivisión general Historia-
Subdivisión cronológica 1852-1870, Segundo Imperio
Fuente del encabezamiento o término
9 (RLIN) 146277
700 1# - ENTRADA AGREGADA--NOMBRE PERSONAL
Nombre de persona Valserra, Fabricio.
9 (RLIN) 112988
700 1# - ENTRADA AGREGADA--NOMBRE PERSONAL
Nombre de persona Olivares, Luciano.
9 (RLIN) 86769
852 ## - LOCALIZACIÓN
Ubicación ES-MaACL
Número de control de estantería C-1466
Holdings
Estatus retirado Estado de pérdida Estado de daño No para préstamo Biblioteca de origen Biblioteca actual Ubicación en estantería Fecha de adquisición Fuente de adquisición Total de préstamos Signatura topográfica completa Código de barras Visto por última vez Precio de reemplazo Tipo de ítem Koha
        Biblioteca del Ateneo de Madrid Biblioteca del Ateneo de Madrid Sala Palomar 17/01/2008     C-1466 1028465 23/02/2023 23/02/2023 Libro impreso